000 00905nam a2200253 a 4500
001 000014435
005 20240529124642.0
008 091214s1998 ag a 000 f spa d
020 _a9501703406
040 _aDO-SdBNP
_bspa
_cBNPHU
041 1 7 _aesp
_hpor
_2Código de idioma MARC
082 _aB869.4
_bT828n, 1998
100 1 _aTrigueirinho,
_q(José Trigueirinho Netto),
_d1931-
_932565
240 1 0 _aNovos sinais de contacto.
_lEspañol
245 1 0 _aNuevas señales de contacto /
_cTrigueirinho ; traducción de Héctor V. Morel.
250 _a3a ed.
260 _aBuenos Aires :
_bKier,
_c1998.
300 _a153, [6] p. :
_bil. ;
_c23 cm.
534 _pTítulo original en portugués:
_tNovos sinais de contacto
_cBrasil : Pensamento Ltda.
650 0 _aNovela brasileña
_913650
650 4 _aLiteratura brasileña
_ySIGLO XX
_94716
700 1 _aMorel, Héctor V.,
_etr.
_932566
049 _aBNGR
999 _c14025
_d14025